000 00656nam a2200241Ia 4500
003 OSt
005 20220926014022.0
006 a|||||r|||| 00| 0
007 ta
008 220923b |||||||| |||| 00| 0 eng d
037 _cGeneral Book
040 _aRTL
_cRTL
_beng
041 _2eng
_aeng
082 _aV58.N6, J3
100 _aPares Bernard
245 0 _aHistory of Russia. Difinitive ed
260 _aNew York
_bKnoof
_c1953
300 _axxxvii, 611, xxxi p
_ccm.
500 _aBibliography: P 583-610
650 _aRussia History
_922158
942 _hV58.N6, J3
_cGB
_2CC
999 _c627512
_d627512